| 000 | 00000nam##2200000za#4500 |
| 001 | 9.650504 |
| 003 | CaOODSP |
| 005 | 20210615114402 |
| 007 | ta |
| 008 | 150407|2007||||xxc||||| f|0| 0 eng|d |
| 020 | |a978-0-662-44859-4 |
| 040 | |aCaOODSP|beng |
| 043 | |an-cn--- |
| 086 | 1 |aT46-40/2007E |
| 110 | 1 |aCanada.|bTransport Canada. |bRoad Safety and Motor Vehicle Regulation Directorate. |
| 245 | 10|aSeat belt sense : |bwhat you need to know about seat belts, air bags and child restraints |
| 260 | |aOttawa - Ontario : |bTransport Canada. |cc2007. |
| 300 | |a6p. : |bcoloured illus. ; |c22 cm. |
| 563 | |aPamphlet |
| 590 | |a08-33|b2008-08-15 |
| 690 | 07|aAutomobile safety equipment|2gcpds |
| 775 | 08|tOpinion sur la ceinture de sécurité : |w(CaOODSP)9.683610 |
| 776 | 0#|tSeat belt sense : |w(CaOODSP)9.689176 |
| 986 | |aTP 14646E (03/2007) |